000 00316nam a2200133Ia 4500
008 191201s2012 xx 000 0 und d
100 _aAMBASTA, B.K.
245 0 _aChemistry for Engineers
250 _a4th
260 _c2012
_bLaxmi Publications
_aNew Delhi
300 _a351
650 _aAPPLIED
942 _2ddc
_cBB
999 _c7543
_d7543